000 00690nam a2200241Ia 4500
008 160803s9999 xx 000 0 und d
020 _a9780545290630
100 _aMurphy, Glenn
245 _aHow loud can you burp? :
245 _cGlenn Murphy ; [illustrated by Mike Phillips].
260 _aNew York :
260 _bScholastic Inc.
260 _c2007
300 _a284 pages :
300 _billustrations ;
300 _c20 cm.
500 _aOriginally published London : MacMillan Children's Books.
650 _aChildren's questions and answers.
650 _aScience -- Miscellanea --
650 _aScience.
650 _xJuvenile literature.
700 _a1020
999 _c298126
_d298126